| 000 | 00488cam a2200193ua 4500 | ||
|---|---|---|---|
| 001 | 9802 | ||
| 008 | 161022n ii |||gr||||Z||||||eng | ||
| 020 | _a9789385401350 | ||
| 040 | _cMAIN | ||
| 041 | _aeng | ||
| 082 | _a339 | ||
| 100 |
_aAhuja, H.L., _eAuthor., |
||
| 245 |
_aMacroeconomics : _btheory and policy / _cBy H.L. Ahuja . |
||
| 250 | _a20th rev. ed. | ||
| 260 |
_aNew Delhi: _bS Chand, _c2016. |
||
| 300 | _a936p. | ||
| 653 | _aMacroeconomics & related topics | ||
| 942 | _cBK | ||
| 999 |
_c8812 _d8812 |
||